التعامل على الوحدات العقارية بنظام المشاركة في الوقت Time share / (Record no. 24482)

MARC details
000 -الفاتح
حقل البيانات ثابتة الطول 00801nam a22002175a 4500
003 - محدد رقم الضبط
رقم الضبط OSt
005 - وقت وتاريخ اخر تعامل مع التسجيلة
رقم الضبط 20170320114948.0
008 - عناصر البيانات ثابتة الطول - معلومات عامة
حقل البيانات ثابتة الطول 170313s1997 xx frb 000 0 ara d
015 ## -
-- 97 / 10266
040 ## - مصدر الفهرسة
وكالة الفهرسة الأصلية EG-ScBUE
لغة الفهرسة ara
وكالة النسخ EG-ScBUE
043 ## - رمز المنطقة الجغرافية
رمز المنطقة الجغرافية f-ua---
082 04 - رقم تصنيف ديوى العشرى
رقم التصنيف 346.62043
رقم المادة ج م ي
رقم الطبعة 22
100 1# - المدخل الرئيسى - إسم شخصى
الإسم الشخصى جميعي، حسن عبد الباسط.
245 12 - بيان العنوان
العنوان التعامل على الوحدات العقارية بنظام المشاركة في الوقت Time share /
بيان المسئوليه,etc حسن عبد الباسط جميعي.
260 ## - PUBLICATION, DISTRIBUTION, ETC. (IMPRINT)
مكان الناشر او الموزع [د. م. :
اسم الناشر او الموزع د. ن.]،
تاريخ النشر أو التوزيع 1997.
300 ## - الوصف المادى
التعداد 179 ص. ؛
أبعاد الوعاء 24 سم.
504 ## - تبصرة ببليوجرافية
تبصرة ببليوجرافية,الخ يشتمل على إرجاعات ببليوجرافية.
650 #7 - المدخل الاضافى بالموضوع-مصطلح موضوعى
مصدر الرأس أو المصطلح BUEsh
مصطلح موضوعي أو اسم جغرافي كعنصر مدخل العقارات
التقسيم الفرعي العام قوانين وتشريعات
التقسيم الفرعي الجغرافي مصر.
653 ## - مصطلح تكشيفى غير مقيد
Resource For college Law
Arrived date list March2017
942 ## - عناصر المدخل الإضافي( كوها)
مصدر التصنيف او مخطط الترفيف Dewey Decimal Classification
Holdings
حالة التراجع حالة الفقد مصدر التصنيف او خطة الترفيف حالة تلف ليس للاعارة مجموعات كوها المكان الدائم المكان الحالي موقع الترفيف تاريخ الاكتساب Source of acquisition سعر الشراء الطبيعي تعداد مسلسل / التسلسل الزمني رقم الاستدعاء الباركود Date last seen التكلفة نوع الوعاء
    Dewey Decimal Classification     دار النهضة العربية Central Library Central Library First floor 20/03/2017 Purchase 20.00 2815 346.62043 ج م ي 000041414 15/07/2025 25.00 Book - Borrowing
    Dewey Decimal Classification     دار النهضة العربية Central Library Central Library First floor 20/03/2017 Purchase 20.00 2815 346.62043 ج م ي 000041415 15/07/2025 25.00 Book - Borrowing